Estudio bibliográfico de los archivos venezolanos y extranjeros de interés para la historia de Venezuela / (Record no. 104368)

MARC details
000 -LEADER
campo de control de longitud fija 00750nam a2200205 i 4500
001 - NÚMERO DE CONTROL
campo de control 104368
003 - IDENTIFICADOR DE NÚMERO DE CONTROL
campo de control ES-MaACL
005 - FECHA Y HORA DE LA ÚLTIMA TRANSACCIÓN
campo de control 20230906183601.0
007 - CAMPO FIJO DE DESCRIPCIÓN FÍSICA--INFORMACIÓN GENERAL
campo de control de longitud fija t|
008 - DATOS DE LONGITUD FIJA--INFORMACIÓN GENERAL
campo de control de longitud fija 051128s1971 ve ||||1| spa d
100 1# - ENTRADA PRINCIPAL--NOMBRE DE PERSONA
Nombre de persona Millares Carlo, Agustín,
Fechas asociadas al nombre 1893-1980
9 (RLIN) 81176
245 10 - MENCIÓN DEL TÍTULO
Título Estudio bibliográfico de los archivos venezolanos y extranjeros de interés para la historia de Venezuela /
Mención de responsabilidad, etc. Agustín Millares Carlo.
260 ## - PUBLICACIÓN, DISTRIBUCIÓN, ETC.
Lugar de publicación, distribución, etc. Caracas (Venezuela) :
Nombre del editor, distribuidor, etc. Archivo General de la Nación,
Fecha de publicación, distribución, etc. 1971.
300 ## - DESCRIPCIÓN FÍSICA
Extensión 367 p. ;
Dimensiones 23 cm.
710 2# - ENTRADA AGREGADA--NOMBRE DE ENTIDAD CORPORATIVA
Nombre de entidad corporativa o nombre de jurisdicción como elemento de entrada Archivo General de la Nación (Venezuela)
9 (RLIN) 1435
852 ## - LOCALIZACIÓN
Ubicación ES-MaACL
Número de control de estantería C-42976
Sublocalización o colección R.83193
852 ## - LOCALIZACIÓN
Ubicación ES-MaACL
Número de control de estantería E-6860
Sublocalización o colección R.91532
852 ## - LOCALIZACIÓN
Ubicación ES-MaACL
Número de control de estantería C-43692
Sublocalización o colección R.83192
Holdings
Estatus retirado Estado de pérdida Estado de daño No para préstamo Biblioteca de origen Biblioteca actual Ubicación en estantería Fecha de adquisición Fuente de adquisición Total de préstamos Signatura topográfica completa Código de barras Visto por última vez Precio de reemplazo Tipo de ítem Koha
        Biblioteca del Ateneo de Madrid Biblioteca del Ateneo de Madrid Depósito 2 17/01/2008     C-43692 1108972 23/02/2023 23/02/2023 Libro impreso
        Biblioteca del Ateneo de Madrid Biblioteca del Ateneo de Madrid Depósito 2 17/01/2008     C-42976 1108970 23/02/2023 23/02/2023 Libro impreso
        Biblioteca del Ateneo de Madrid Biblioteca del Ateneo de Madrid Depósito 2 17/01/2008     E-6860 1108971 23/02/2023 23/02/2023 Libro impreso